000
00254nam a2200097Ia 4500
001
719762
005
20250826163049.0
008
250824s9999 xx 000 0 und d
245
0
_a
YOLUM DÜŞTÜ AMERİKA YA
_c
CANAN TAN
260
_b
ALTIN KİTAPLAR YAYINLARI
999
_c
719762
_d
719762